000 00944nam a2200277 c 4500
003 BLK
005 20180420235548.0
008 180411b bul|||||r ||||||| ||bul||
010 _aKNG00183125000
040 _aBLK
041 _aBUL
_cBUL
080 _aБългарска литература
_b821.163.2
_x-4
_z821.163.2-4
100 1 _aЦаков, Цветан Дилов
_eпърви автор
_9253378
139 _aЦаков, Цветан Дилов
_bЦ 13
245 1 0 _aДон Кихот е жив
_bРазговори за мъжеството
_cЦветан Дилов Цаков.
257 _aBGR
260 София
_bНар. младеж
_c1983
300 _a296 с.
_bс портр.
_c21 см
380 _aX
500 _a10 000 тир.
852 _aЦб 122751
856 4 _qpdf
_u
856 4 _qpdf
_u
942 _cKNG
_n0
944 _aCR
_c02.10.2015
_kНаталия_Любомирова
944 _aED
_c12.09.2017
_kВася_Ганчева
999 _c174632
_d174632